000 00740cam a2200205 4500
001 WB3713-24
008 000000n2001 000 0 eng u
035 _a(Sirsi) u111676
245 _aUrban regeneration a no no for most investors
260 _c2001
490 _aEstates Gazette
_v (0112/24) 24 March, 2001 48(1)
520 _aA survey has shown that urban regeneration schemes are unlikely to attract a great deal of investor activity. Many of the respondents cited the possibility of poor returns or thought the schemes too complex.
590 _aWB
650 _aURBAN REGENERATION
650 _aPROPERTY INVESTORS
650 _aINVESTOR INTENTIONS
650 _aINVESTMENT MARKET
690 _aREGENERATION
942 _n0
999 _c66540
_d66540